A prayer to Cinggis-qan

Elmentve itt :
Bibliográfiai részletek
Szerző: Serruys Henry
Dokumentumtípus: Cikk
Megjelent: 1985
Sorozat:Études Mongoles
Kulcsszavak:Mongólia története, Mongol nyelvemlék
Tárgyszavak:
Online Access:http://misc.bibl.u-szeged.hu/64720
LEADER 00791nab a2200253 i 4500
001 misc64720
005 20231011105217.0
008 230629s1985 hu o 0|| eng d
040 |a SZTE Miscellanea Repozitórium  |b hun 
041 |a eng 
041 |a mon 
100 1 |a Serruys Henry 
245 1 2 |a A prayer to Cinggis-qan  |h [elektronikus dokumentum] /  |c  Serruys Henry 
260 |c 1985 
300 |a 17-36  |c 25 cm 
300 |a [20] p.  |c 25 cm 
490 0 |a Études Mongoles 
561 |a Németh Gyula hagyaték 
591 |a NOA 5520 
650 4 |a Bölcsészettudományok 
650 4 |a Történettudomány és régészet 
650 4 |a Nyelvek és irodalom 
695 |a Mongólia története, Mongol nyelvemlék 
856 4 0 |u http://misc.bibl.u-szeged.hu/64720/1/5520_noa.pdf  |z Dokumentum-elérés